Szóró Alexandra Naómi- A vizuális storytelling hatása a fogyasztói magatartásra a közösségi médiában- A Liberty Cocktails esettanulmánya

Bibliográfiai részletek
Szerző: Szóró Alexandra Naómi
További közreműködők: Sólyomfi Dr. Andrea Hanna
Dokumentumtípus: Diplomadolgozat
Kulcsszavak:fotóművészet
internetmarketing
reklám
reklámkészítés
reklámpszichológia
Online Access:http://dolgozattar.uni-bge.hu/59637

MARC

LEADER 00000nta a2200000 i 4500
001 dolg59637
005 20260409145340.0
008 260409suuuu hu om 000 hun d
040 |a BGE Dolgozattár Repozitórium  |b hun 
041 |a hu 
100 1 |a Szóró Alexandra Naómi 
245 1 0 |a Szóró Alexandra Naómi- A vizuális storytelling hatása a fogyasztói magatartásra a közösségi médiában- A Liberty Cocktails esettanulmánya  |c Szóró Alexandra Naómi  |h [elektronikus dokumentum] 
520 3 |a A szakdolgozat célja annak feltárása, hogy a storytelling elemeket tartalmazó vizuális tartalmak, különösen a lifestyle-fotók, milyen hatással vannak a fogyasztói magatartásra, összehasonlítva az egyszerű termékábrázoló képekkel. A kutatás során kvantitatív kérdőíves módszert alkalmaztam, saját készítésű képi anyagra alapozva. A vizsgálat középpontjában az érzelmi reakciók, az érdeklődés mértéke, az azonosulás szintje, valamint a márkakép észlelése állt. Az eredmények megerősítik, hogy a storytelling képek intenzívebb érzelmi kötődést váltanak ki, főként a fiatalabb célcsoport esetében, míg az idősebb válaszadók inkább a letisztult, informatív tartalmakat preferálják. A dolgozat gyakorlati példákkal és szakértői interjúval is kiegészül, bemutatva, hogyan lehet a vizuális eszközöket tudatosan alkalmazni a közösségi média marketingkommunikációjában. 
695 |a fotóművészet 
695 |a internetmarketing 
695 |a reklám 
695 |a reklámkészítés 
695 |a reklámpszichológia 
700 1 |a Sólyomfi Dr. Andrea Hanna  |e ths 
856 4 0 |u http://dolgozattar.uni-bge.hu/59637/1/A%20vizua%CC%81lis%20storytelling%20hata%CC%81sa%20a%20fogyaszto%CC%81i%20magatarta%CC%81sra%20a%20ko%CC%88zo%CC%88sse%CC%81gi%20me%CC%81dia%CC%81ban-%20%20A%20Liberty%20Cocktails%20esettanulma%CC%81nya%20%20.pdf  |z Dokumentum-elérés 
856 4 0 |u http://dolgozattar.uni-bge.hu/59637/2/Sz%C3%B3r%C3%B3%20Alexandra.pdf  |z Dokumentum-elérés 
856 4 0 |u http://dolgozattar.uni-bge.hu/59637/3/Sz%C3%B3r%C3%B3%20Alexandra%20Na%C3%B3mi.pdf  |z Dokumentum-elérés